LEADER 03549oam 2200625I 450 001 9910787721303321 005 20170821160233.0 010 $a1-317-79234-3 010 $a1-317-79235-1 010 $a1-315-81037-9 024 7 $a10.4324/9781315810379 035 $a(CKB)2670000000518800 035 $a(EBL)1619281 035 $a(SSID)ssj0001107869 035 $a(PQKBManifestationID)12491390 035 $a(PQKBTitleCode)TC0001107869 035 $a(PQKBWorkID)11085330 035 $a(PQKB)11602871 035 $a(OCoLC)863039360 035 $a(MiAaPQ)EBC1619281 035 $a(EXLCZ)992670000000518800 100 $a20180331e20131973 uy 0 101 0 $aeng 135 $aur|n|---||||| 181 $ctxt 182 $cc 183 $acr 200 14$aThe African slave trade and its suppression $ea classified and annotated bibliography of books, pamphlets and periodical articles /$fPeter C. Hogg 210 1$aLondon ;$aNew York :$cRoutledge,$d2013. 215 $a1 online resource (429 p.) 225 1 $aCass Library of African Studies : General Studies ;$vNumber 137 300 $aFirst published 1973 by Frank Cass and Company Limited. 311 $a1-138-96628-2 311 $a0-7146-2775-5 320 $aIncludes bibliographical references and indexes. 327 $aCover; Half Title; Title Page; Copyright Page; Table of Contents; Acknowledgements; Introduction; Abbreviations; PART I: SLAVE TRADE; A. Collections of evidence; B. General accounts; (a) Contemporary accounts; (b) History; C. West Africa; (a) Contemporary accounts; (b) Controversy; (c) History; D. Sudan; (b) Controversy; (c) History; (a) Contemporary accounts; E. East Africa; (a) Contemporary accounts; (b) Controversy; (c) History; F. Slaving voyages; (a) Contemporary accounts; (b) History; G. Medical conditions; (a) Contemporary accounts; (b) History; H. Laws and official documents 327 $aI. Economic controversyJ. Economic history; K. Biographies of slaves; L. Ethnic origins of slaves; PART II: ABOLITION AND SUPPRESSION; M. Abolition controversy; N. Sermons; O. Legislative debates and speeches; P. Suppression controversy; Q. Abolition societies and conferences; (a) Publications and reports; (b) Abolition journals; R. Laws and official documents; S. Naval blockade; (a) Official documents; (b) West Africa; (c) East Africa; (d) Controversy; (e) History; T. Trials for illegal slave trading; U. Military action; V. History of the abolition movement 327 $aW. History of abolition literatureX. Legal history; Y. Biographies of abolitionists; Z. Imaginative literature; Appendix I: Unpublished theses; Appendix II: Addenda; Author index; Personal name index; Geographical name index; Anonymous title index 330 $aA comprehensive bibliography dealing specifically with African slave trade. This volume has been sub-classified for easier consultation and the compiler has provided, where possible, descriptions and comments on the works listed. 410 0$aCass library of African studies.$pGeneral studies ;$vno. 137. 606 $aSlave trade$zAfrica$vBibliography 606 $aSlave trade$vBibliography 606 $aSlavery$vBibliography 615 0$aSlave trade 615 0$aSlave trade 615 0$aSlavery 676 $a016.382/44/096 700 $aHogg$b Peter C.$0243662 801 0$bMiAaPQ 801 1$bMiAaPQ 801 2$bMiAaPQ 906 $aBOOK 912 $a9910787721303321 996 $aAfrican Slave Trade and its Suppression$9653092 997 $aUNINA LEADER 01894nam 2200577 450 001 9910823861903321 005 20200520144314.0 010 $a1-58983-974-9 024 7 $a2027/heb32649 035 $a(CKB)3710000000187085 035 $a(SSID)ssj0001290510 035 $a(PQKBManifestationID)11722448 035 $a(PQKBTitleCode)TC0001290510 035 $a(PQKBWorkID)11244968 035 $a(PQKB)10668340 035 $a(MiAaPQ)EBC3118324 035 $a(Au-PeEL)EBL3118324 035 $a(CaPaEBR)ebr10898809 035 $a(CaONFJC)MIL767765 035 $a(OCoLC)922968166 035 $a(dli)HEB32649 035 $a(MiU) MIU01100000000000000000251 035 $a(EXLCZ)993710000000187085 100 $a20140807h20142014 uy 0 101 0 $aeng 135 $aurcnu|||||||| 181 $ctxt 182 $cc 183 $acr 200 10$aConstructing and deconstructing power in Psalms 107-150 /$fby W. Dennis Tucker, Jr 210 1$aAtlanta, Georgia :$cSociety of Biblical Literature,$d2014. 210 4$dİ2014 215 $a1 online resource (240 pages) 225 0 $aSociety of Biblical Literature : Ancient Israel and its Literature ;$vNumber 19 300 $aBibliographic Level Mode of Issuance: Monograph 311 $a1-58983-973-0 311 $a1-58983-972-2 320 $aIncludes bibliographical references and indexes. 410 0$aAncient Israel and Its Literature. 410 0$aAncient Israel and its literature ;$vno. 19. 606 $aPower (Christian theology)$xBiblical teaching 615 0$aPower (Christian theology)$xBiblical teaching. 676 $a223/.206 700 $aTucker$b W. Dennis$0939111 801 0$bMiAaPQ 801 1$bMiAaPQ 801 2$bMiAaPQ 906 $aBOOK 912 $a9910823861903321 996 $aConstructing and deconstructing power in Psalms 107-150$92116779 997 $aUNINA LEADER 05843nam 2200841Ia 450 001 9910810938603321 005 20200520144314.0 010 $a1-350-09112-X 010 $a1-4411-2071-8 010 $a1-282-76577-9 010 $a9786612765773 010 $a1-4411-6673-4 024 7 $a10.5040/9781350091122 035 $a(CKB)2670000000043900 035 $a(EBL)583788 035 $a(OCoLC)671627022 035 $a(SSID)ssj0000418765 035 $a(PQKBManifestationID)11267113 035 $a(PQKBTitleCode)TC0000418765 035 $a(PQKBWorkID)10377506 035 $a(PQKB)10026284 035 $a(SSID)ssj0000799625 035 $a(PQKBManifestationID)12408072 035 $a(PQKBTitleCode)TC0000799625 035 $a(PQKBWorkID)10764179 035 $a(PQKB)10607044 035 $a(MiAaPQ)EBC583788 035 $a(MiAaPQ)EBC1048877 035 $a(MiAaPQ)EBC1080361 035 $a(Au-PeEL)EBL583788 035 $a(CaPaEBR)ebr10415877 035 $a(CaONFJC)MIL276577 035 $a(OCoLC)893334979 035 $a(OCoLC)1201426140 035 $a(CaBNVSL)mat50091122 035 $a(CaBNVSL)9781350091122 035 $a(MiAaPQ)EBC6163387 035 $a(Au-PeEL)EBL1048877 035 $a(OCoLC)898421692 035 $a(EXLCZ)992670000000043900 100 $a20100122d2010 uy 0 101 0 $aeng 135 $aur|n|---||||| 181 $ctxt 182 $cc 183 $acr 200 00$aGlobalization and internationalization in higher education $etheoretical, strategic and management perspectives /$fedited by Felix Maringe and Nick Foskett 205 $a1st ed. 210 $aNew York $cContinuum International Pub. Group$dc2010 215 $a1 online resource (337 p.) 300 $aIncludes index. 311 $a1-4411-7709-4 311 $a1-4411-3277-5 320 $aIncludes bibliographical references and index. 327 $aList of Tables and Figures -- Contributors Details -- 1. Introduction: Globalization and Universities Felix Maringe and Nick Foskett -- Part I. Theroetical and Strategic Perspectives -- 2. The Meanings of Globalization and Internationalization in Higher Education: Findings from a World Survey Felix Maringe -- 3. Global Markets, National Challenges, Local Strategies: The Strategic Challenge of Internationalization Nick Foskett -- 4. Global Citizenship for All: Putting the Higher' Back into UK Higher Education? Vivienne Caruana -- 5. The Globalization and Marketization of Higher Education: Some Insights from the Standpoint of Institutional Theory Izhar Oplatka and Jane Hemsley-Brown -- Part II. Management and Empirical Perspectives -- 6. The Response of Governments and Universities to Globalization and Internationalization in Higher Education John Taylor -- 7. The Management of Internationalization in Universities John Taylor -- 8. Key Trends and Emerging Issues in International Student Mobility (ISM) Steve Woodfield -- 9. Higher Education Reforms and Problems in China: Challenges from Globalization Hongshia Zhang -- 10. Capacity Building for Demography in Southern Africa: International Collaboration in Action Ros Foskett -- Part III. Case Studies in Higher Education Internationalisation -- 11. Student Experience in the Globalized Higher Education Market: Challenges and research imperatives Rodney Arambewela -- 12. Course Reorientation to Enhance Chinese Students' International Awareness Diamin Wang -- 13. Challenges to Institutionalizing Internationalization in a UK University Joanna Al-Youssef -- 14. Internationalization in the Universities of Spain: Changes and Challenges at Four Institutions Laura E. Rumbley -- 15. The Role of English Language Teaching in University Internationalization in China Jiang Yumei -- Section IV. Emerging Themes, Issues and Challenges -- 16. The Commoditization and Standardization of Higher Education Paul Gibbs -- 17. Higher Education Partnerships for Studying and Improving Leadership Preparation and Development around the World Bruce Barnett and Stephen L. Jacobson. 327 $a18. International Organizations and the Tertiary Education Sector: Understanding UNESCO, the OECD, and the World Bank Linking-pin Organizations Roberta Bassett -- 19. Intercultural Experience in English Universities: A Case Study of Chinese Students Mei Tian and John Lowe -- 20. The Internationalization of Higher Education: A Prospective View Nick Foskett and Felix Maringe -- Index. 330 $a"Universities all over the world are increasingly recognising the challenges of globalization and the pressures towards internationalization. This collection draws together a wealth of international experience to explore the emerging patterns of strategy and practice in internationalizing Higher Education. Questions considered include: * How is the concept of globalization in the context of higher education understood by those who lead universities across the world? * What new challenges are being created as universities seek to become more international? * Which forms of leadership are needed and will be needed in the future in these transforming institutions and how are they going about preparing for and achieving this?."-- Provided by publisher. 606 $aEducation, Higher$xInternational cooperation 606 $aTransnational education 606 $aEducation and globalization 615 0$aEducation, Higher$xInternational cooperation. 615 0$aTransnational education. 615 0$aEducation and globalization. 676 $a378/.016 701 $aFoskett$b Nicholas$f1955-$01658406 701 $aMaringe$b Felix$01125792 801 0$bMiAaPQ 801 1$bMiAaPQ 801 2$bMiAaPQ 906 $aBOOK 912 $a9910810938603321 996 $aGlobalization and internationalization in higher education$94012392 997 $aUNINA